000 00600nam a2200193 i 4500
001 50107
005 20230410143123.0
008 071130b1982 dr a 000 0 spa
040 _aDRFGD
_bspa
041 0 _aspa
050 1 4 _abC961 1982
110 2 _aUniversidad autonoma de Santo Domindo
245 0 0 _aCuaderno de postgrado no.2 /
_cUniversidad Autonoma de Santo Domingo
260 _aSanto domingo :
_bUASD ,
_c1982
300 _a248 p. :
_bill. ;
_c
856 4 2 _3mas?... busque en WorldCat (solo desde FUNGLODE)
_uhttp://www.firstsearch.oclc.org/sip
942 _2lcc
_cbk
946 _aLspaulino
999 _c96096
_d96096